01038nam a2200241 a 450000100100000000500170001000800410002702000180006804000250008610000240011124501160013526000910025130000210034249000280036350400730039170000290046470000240049371000610051771000610057883000350063995201050067499900170077900004324320250909091242.0140303s2008 sp 000 0 spa d a9788483470763 aDO-SdBNPbspacBNPHU1 aBrun, Javier97084210aRedes culturales :bclaves para sobrevivir en la globalización /cJavier Brun, Joaquín Benito, Pedro Canut. aMadrid :bAgencia Española de Cooperación Internacional para el Desarrollo,c2008. a215 p. ;c23 cm.1 aCultura y Desarrollov8 aIncluye referencias bibliográficas y notas al pie de las páginas1 aBenito, Joaquín9708431 aCanut, Pedro9708442 aAgencia Española de Cooperación Internacional9345852 aAgencia Española de Cooperación Internacional934585 0aCultura y Desarrollov8970835 001050718MOaGRbGRcCTd2014-03-03iLF1l0o p43243-10r2020-06-25w2020-06-25y1ZNo se presta c42732d42732